00746nam a22001697a 4500003000900000008004100009040007100050082001700121100001900138245006700157260005000224300003000274505019700304650002600501650002500527650002400552AR-CdUCM190321b ||||| |||| 00| 0 spa d aMUNICIPALIDAD PROVINCIAL DEL CUSCOcBIBLIOTECA MUNICIPAL DEL CUSCO a658.5 /bP34 aPearce, Esmond aLa dirección de empresas en el proceso de comercializacion / aArgentina :bCentro Regional de Ayuda,c1970. a264 páginas ;c23.5 cm. aContenido : El concepto de comercializacion -- Funcion de la comercializacion -- Aspectos financieros de la comercializacion -- Politica de produccion -- Como se planifica la comercializacion  aDireccion de Empresas aEconomia Empresarial aEconomia y Finanzas